LEADER 01072nam0-22003491i-450 001 990001783170403321 005 20190703122240.0 035 $a000178317 035 $aFED01000178317 035 $a(Aleph)000178317FED01 035 $a000178317 100 $a20030910d1992----km-y0itay50------ba 101 0 $aita 102 $aIT 105 $ay-------001yy 200 1 $aContributo per un "libro rosso" della fauna e della flora minacciate in Italia$fa cura di Mario Pavan 210 $aPavia$cIstituto di Entomologia dell'Università di Pavia$d1992 215 $a719 p.$d24 cm 610 0 $aFlora protetta 610 0 $aFauna protetta 676 $a639.95 676 $a639.99 702 1$aPavan,$bMario$f<1918-2003> 801 0$aIT$bUNINA$gRICA$2UNIMARC 901 $aBK 912 $a990001783170403321 952 $a61 XI B.7/6$b4221 (29/06/93)$fDAGEN 952 $a60 639.95 PAVM 1992$b4325$fFAGBC 959 $aDAGEN 959 $aFAGBC 996 $aContributo per un "libro rosso" della fauna e della flora minacciate in Italia$9408077 997 $aUNINA LEADER 01399nam 2200385 a 450 001 996247850803316 005 20220725224030.0 035 $a(dli)HEB05030 035 $a(CKB)1000000000397832 035 $a(EXLCZ)991000000000397832 100 $a19890623d1930 uy 0 101 0 $aeng 135 $aurmnummmmuuuu 200 14$aThe land & the peasant in Rumania$b[electronic resource] $ethe war and agrarian reform (1917-21) /$fby David Mitrany 210 $aLondon $cHumphrey Milford, Oxford University Press ;$aNew Haven $cYale University Press$d1930 215 $axxxiv, 627 p. $cill., maps ;$d25 cm 225 0$aEconomic and social history of the World War.$pRumanian series ;$v[no. 1] 320 $aIncludes bibliographical references and index. 410 0$aACLS Humanities E-Book. 517 3 $aLand and the peasant in Rumania 606 $aLand tenure$zRomania 606 $aPeasantry$zRomania 606 $aAgriculture$zRomania 615 0$aLand tenure 615 0$aPeasantry 615 0$aAgriculture 700 $aMitrany$b David$f1888-1975.$0125050 712 02$aCarnegie Endowment for International Peace.$bDivision of Economics and History. 712 02$aAmerican Council of Learned Societies. 801 0$bMiU 801 1$bMiU 906 $aBOOK 912 $a996247850803316 996 $aThe land & the peasant in Rumania$92900770 997 $aUNISA